00537nam a2200193 a 45000010014000000030012000140050017000260080041000430200018000840820017001021000054001192450044001732600021002173000014002386500026002529420012002780400034002909990019003241771582486045YourLibrary20260220155319.0260220s1996##################000#0#eng## a978904110285004a336.242bKLI1 aStaff, International Fiscal Association,eauthor.10aTaxation of Non-Resident Entertainers : bSpringer,c1996. a184 pages 0aBusiness & Economics. cENGLISH aYourLibrarybengcYourLibrary c614426d614426